00573 2200181 4500001002100000005001500021035002000036007000300056008004100059082001000100084001600110245009200126250000700218260006300225300001000288110004700298600004600345INLIS00000000000124720260401074842 a0010-0426000001ta260401 e | ind  a635.5 a635.5 BAL t1 aTEKNOLOGI BUDIDAYA SELEDRI DATARAN RENDAH /cBALAI PENGKAJIAN TEKNOLOGI PERTANIAN JAMBI a20 aJambi :bBALAI PENGKAJIAN TEKNOLOGI PERTANIAN JAMBI,c2009 a2 hlm0 aBALAI PENGKAJIAN TEKNOLOGI PERTANIAN JAMBI 4aTEKNOLOGI BUDIDAYA SELEDRI DATARAN RENDAH